Politici v televízii
Motivácia a cieľ komunikácie pri vytúpeniach politikov v médiách. Stupne efektívnej komunikácie. Politická komunikácia v televízii. Kultúra prejavu politikov v televízii.
Gespeichert in:
| 1. Verfasser: | |
|---|---|
| Format: | Buchkapitel |
| Sprache: | Slowakisch |
| Schlagworte: | |
| Tags: |
Keine Tags, Fügen Sie das erste Tag hinzu!
|
MARC
| LEADER | 00000naa a2200000 4500 | ||
|---|---|---|---|
| 001 | 0199828 | ||
| 005 | 20251210131537.5 | ||
| 041 | 0 | |a slo | |
| 044 | |a SK | ||
| 245 | 1 | 0 | |a Politici v televízii |c Zora Hudíková |
| 520 | |a Motivácia a cieľ komunikácie pri vytúpeniach politikov v médiách. Stupne efektívnej komunikácie. Politická komunikácia v televízii. Kultúra prejavu politikov v televízii. | ||
| 610 | 2 | 0 | |a politika |
| 610 | 2 | 0 | |a politici |
| 610 | 2 | 0 | |a televízia |
| 610 | 2 | 0 | |a propagácia |
| 610 | 2 | 0 | |a kampane volebné |
| 610 | 2 | 0 | |a komunikácia masmediálna |
| 100 | 1 | |a Hudíková, Zora | |